00644nam a2200181Ia 45000010005000000080041000050100007000460410014000530820014000672450203000812600024002843000007003085200007003156500014003227000040003367000046003767000040004227857241029s9999 xx 000 0 und d a11 aEspañol aNO APLICA 0aLiderazgo Directivo en la Gestión de Calidad de los Centros Educativos Juan Francisco Adames Abreu, Juan Sánchez Ramírez y Juan Ricardo Hernández del Distrito 16-01, Año Escolar 2018-2019. aSánchez Ramírez a78 a74 aLiderazgo easesoraSantana de la Rosa, Rafael  eautoraMejía Jiménez , Juana Marisol  eautoraMejía Jiménez, Victoria